logo

Bir Sreshtho Munshi Abdur Rouf Library
Jhenaidah Cadet College

Goode's world atlas / (Record no. 9957)

MARC details
000 -LEADER
fixed length control field 00870cem a2200301 4500
001 - CONTROL NUMBER
JCCL Control Number 9957
003 - CONTROL NUMBER IDENTIFIER
JCCL marc code BD-JhCC
005 - DATE AND TIME OF LATEST TRANSACTION
control field 20180403193652.0
008 - FIXED-LENGTH DATA ELEMENTS--GENERAL INFORMATION
fixed length control field 180403s1964 ilu e eng
035 ## - SYSTEM CONTROL NUMBER
system control number (BD-JhCC)9957
040 ## - CATALOGING SOURCE
Original cataloging agency DLC
Transcribing agency DLC
Modifying agency DLC
-- BD-JhCC
041 ## - LANGUAGE CODE
Language code of Book eng
050 00 - LIBRARY OF CONGRESS CALL NUMBER
Classification number G1019
Item number .G67 1964
052 ## - GEOGRAPHIC CLASSIFICATION
Geographic classification area code 3200
082 00 - DEWEY DECIMAL CLASSIFICATION NUMBER
Classification number 912
Author mark and Year GOO 1964
100 1# - MAIN ENTRY--PERSONAL NAME
Personal name Goode, John Paul,
Dates associated with a name 1862-1932.
240 10 - UNIFORM TITLE
Uniform title School Atlas
245 10 - TITLE STATEMENT
Title Goode's world atlas /
Statement of responsibility, etc Edited by Edward B. Espenshade, Jr.
250 ## - EDITION STATEMENT
Edition statement 12th ed.
260 ## - PUBLICATION, DISTRIBUTION, ETC. (IMPRINT)
Place of publication, distribution, etc Chicago :
Name of publisher, distributor, etc Rand McNally,
Date of publication, distribution, etc 1964.
300 ## - PHYSICAL DESCRIPTION
Pagination 1 atlas (xii, 288 p.)
Other physical details col. illus., col. maps.
Dimensions 29 cm.
500 ## - GENERAL NOTE
General note First published in 1922 under title: Goode's School atlas.
650 #0 - SUBJECT ADDED ENTRY--TOPICAL TERM
Topical term or geographic name as entry element Atlases.
700 1# - ADDED ENTRY--PERSONAL NAME
Personal name Espenshade, Edward Bowman,
Dates associated with a name 1910-
740 0# -
Uncontrolled related/analytical title World atlas.
942 ## - ADDED ENTRY ELEMENTS (KOHA)
Source of classification or shelving scheme Dewey Decimal Classification
Koha item type Reference
Holdings
Source of classification or shelving scheme Damaged status Not for loan Home library Current library Shelving location Date of accession Total Checkouts Full call number Barcode Date last seen Copy number Koha item type
Dewey Decimal Classification     JCC Rouf Library JCC Rouf Library General Stacks 04/03/2018   912 GOO 1964 13314 04/03/2018 C-1 Reference

JCC Library | Contacts | JCC Home

Last Update on 23 September 2017
Copyright @ 2017-2020 JCC Rouf Library
Rouf Library, Jhenidah Cadet College (JCC), Bangladesh